000 00425nam a2200181Ia 4500
001 2608
005 20260306144819.0
008 260306t2020||||xx |||||||||||||| ||spa||
041 _aESP
082 _a616.994
_bN55
100 _aNiederhuber, John E.,
_eAUT
245 0 _aOncología clínica
260 _c2020
300 _axxxiv, 2038 páginas :
_c28 cm.
650 _aGEN
654 _aCCS
942 _cLIB
_dJUS
_fJUS
_2ddc
_n
999 _c2608
_d2608